| 000 | 01105nam a2200241Ia 4500 | ||
|---|---|---|---|
| 999 |
_c34415 _d34415 |
||
| 001 | 136 | ||
| 003 | GE_BSU | ||
| 005 | 20200204143608.0 | ||
| 008 | 181216s2005||||ge |||||||||||||| ||geo|| | ||
| 020 | _a99986303X | ||
| 040 | _cGE_BSU | ||
| 041 | _ageo | ||
| 080 | _a615.8(075.8)+615.11(075.8) თ–87 | ||
| 100 |
_aთურმანაული, გივი _9616 |
||
| 245 |
_aსაექიმო და ფიტოთერაპიული რეცეპტურის საფუძვლები : _bსტომატოლოგიის რეცეპტურით / _cგივი თურმანაული. |
||
| 250 | _aმე–5–ე გამოცემა | ||
| 264 |
_aთბილისი : _bგამომცემლობა ”ცის ნამი”, _c2005. |
||
| 300 |
_a168 გვ.; _b20 სმ. |
||
| 653 | _aსაექიმო რეცეპტურა | ||
| 653 | _aსტომატოლოგიური რეცეპტურა | ||
| 653 | _aფიტოთერაპიული რეცეპტურა | ||
| 942 |
_cBK _2udc |
||